Oberzentren und kreisfreie Mittelzentren in NRW - Statistiken

Allgemein
  • Dieses Quiz wurde 89 mal gespielt
  • Das Durchschnittsergebnis liegt bei 22 aus 25
Antwortstatistiken
Stufe Stadt % Korrekt
Oberzentrum Duisburg
100%
Oberzentrum Essen
99%
Oberzentrum Köln
99%
Oberzentrum Dortmund
98%
Oberzentrum Münster
98%
Oberzentrum Bielefeld
95%
Oberzentrum Bochum
95%
Oberzentrum Bonn
95%
Oberzentrum Düsseldorf
95%
Oberzentrum Aachen
94%
Kreisfreies Mittelzentrum Gelsenkirchen
91%
Oberzentrum Wuppertal
91%
Oberzentrum Paderborn
90%
Oberzentrum Mönchengladbach
89%
Kreisfreies Mittelzentrum Herne
88%
Oberzentrum Hagen
86%
Kreisfreies Mittelzentrum Oberhausen
86%
Kreisfreies Mittelzentrum Hamm
84%
Kreisfreies Mittelzentrum Solingen
84%
Oberzentrum Siegen
83%
Kreisfreies Mittelzentrum Leverkusen
80%
Oberzentrum Krefeld
79%
Kreisfreies Mittelzentrum Bottrop
76%
Kreisfreies Mittelzentrum Mülheim an der Ruhr
76%
Kreisfreies Mittelzentrum Remscheid
71%
Keine übereinstimmenden Quizze gefunden
Verteilung der Resultate
Anzahl Personen mit jedem Resultat
Perzentil nach korrekt beantworteten Fragen
Ihre Resultats-Entwicklung
Sie haben dieses Quiz noch nicht gespielt